000 00515nam a2200181Ia 4500
003 GCL
008 140319s9999 xx 000 0 ara d
040 _aGCL /
_cGCL
082 0 4 _aط
_b813.087
_bس ح
100 1 _aفؤاد التلاوى
245 1 0 _aحكايات وصور /
_cفؤاد التلاوى
300 _a159 ص
490 _aالهيئة العامة للاستعلامات
_v0
650 0 4 _aالاطفال
650 0 4 _aقصص الاطفال
650 0 4 _aادب الاطفال
942 _2ddc
_cBK
999 _c51375
_d51375